Introducción a la Ley 26.268 que reforma el Código Penal y la Ley "Antilavado" (Registro nro. 11263)

Detalles MARC
000 -LEADER
fixed length control field 00340 a2200109 4500
001 - CONTROL NUMBER
control field ART_5880
005 - DATE AND TIME OF LATEST TRANSACTION
control field 20260410161618.0
008 - FIXED-LENGTH DATA ELEMENTS--GENERAL INFORMATION
fixed length control field 260409a
100 1# - MAIN ENTRY--PERSONAL NAME
Personal name Oklander, Juan
245 10 - TITLE STATEMENT
Title Introducción a la Ley 26.268 que reforma el Código Penal y la Ley "Antilavado"
773 0# - HOST ITEM ENTRY
Title Enfoques
Related parts - Nº 8 (ago. 2007)
Record control number REV416

No hay ítems disponibles.